000 00441nam a22001577a 4500
003 OSt
005 20251031103344.0
008 251031b |||||||| |||| 00| 0 eng d
022 _a0040-5639
100 _aChristopher Conway
245 _aPANIKKAR, RAIMON: Hinduism: Part Two:
_bThe Dharma of India
260 _aUSA,
_bSages Publications;
_c2018
300 _aP.204-206
440 _aTheological Studies
_nNo.1
_vVol.79
942 _2lcc
_cART
999 _c205010
_d204970